01255nam a2200277 a 450000100060000000300080000600500170001400800410003103500190007204000350009104100080012608200250013410000220015924502280018126000800040930000400048950200860052950400320061565000290064770000420067670000420071870000410076094200130080199900170081495201460083184107BD-RjUL20241016100239.0241016s2019 bg a|||| m||| 00| 0 eng d a(BD-RjUL)84107 aBD-RjULbengcBD-RjULdBD-RjUL aeng 223a641.33bARE 2019 aAra, Israt91378510aEnhancement of Abiotic Stress Tolerance in Rice (Oryza Sativa L.) Through Androgenesis and Transgenic Approavhes /cBy Israt Ara ;6Supervisor : Md. Asadul Islam, Supervisor : Md. Khalekuzzaman, Supervisor : Narendra Tuteja aRajshahi :bInstitute of Biological Sciences, University of Rajshahi,c2019 axxiii, 264 Leaves :bill, ;c29 cm. aThesis (Ph. D.) -- Institute of Biological Sciences, University of Rajshahi, 2019 aReferences : Leaves 234-264 aRicevEnhancement913786 aIslam, Md. Asadul, Supervisor 913787 aKhalekuzzaman, Md., Supervisor 94705 aTuteja, Narendra, Supervisor 913788 2ddccTHE c84107d84107 102ddc40718THESESaRUCLbRUCLcDoc/Thed2023-01-18eController of Exam. R.U.l0oTHE 641.33 ARE 2019pD4589r2024-10-16 00:00:00tC-IyTHE